Modelling and durability assessment for rubber components in rail vehicles (Record no. 63050)

MARC details
000 -LEADER
fixed length control field 00562nam a2200205Ia 4500
100 ## - MAIN ENTRY--AUTHOR NAME
Personal name Mirza S
245 #0 - TITLE STATEMENT
Title Modelling and durability assessment for rubber components in rail vehicles
260 ## - PUBLICATION, DISTRIBUTION, ETC. (IMPRINT)
Name of publisher Plastics, Rubber and Composites
Year of publication 2011
300 ## - PHYSICAL DESCRIPTION
Number of Pages 185-193
500 ## - GENERAL NOTE
General note Source Year: 2011
650 ## - SUBJECT ADDED ENTRY--TOPICAL TERM
Topical Term Crack growth
650 ## - SUBJECT ADDED ENTRY--TOPICAL TERM
Topical Term Durability
650 ## - SUBJECT ADDED ENTRY--TOPICAL TERM
Topical Term Elastomers
650 ## - SUBJECT ADDED ENTRY--TOPICAL TERM
Topical Term Finite element analysis
650 ## - SUBJECT ADDED ENTRY--TOPICAL TERM
Topical Term Fracture mechanics
700 ## - ADDED ENTRY--PERSONAL NAME
Personal name Hansen P
700 ## - ADDED ENTRY--PERSONAL NAME
Personal name Harris J
942 ## - ADDED ENTRY ELEMENTS (KOHA)
Koha item type Journals
Holdings
Withdrawn status Lost status Damaged status Not for loan Home library Current library Shelving location Date acquired Serial Enumeration / chronology Koha item type
      Journals RRII Library RRII Library Rubber technology 04/08/2011 Volume 40, Issue 4 Journals